| 000 | 00800nam a22001697a 4500 | ||
|---|---|---|---|
| 008 | 120529t xxu||||| |||| 00| 0 eng d | ||
| 020 | _a0749432551 9780749432553 | ||
| 050 | _aHF5549.5.M63.F741 | ||
| 100 | _aForsyth, Patrick | ||
| 245 |
_aHow to motivate people: the sunday times. / _cPatrick, Forsyth |
||
| 260 |
_aLondon : _b Kogan Page, _c 2000. |
||
| 300 |
_aiv, 140 p. : _b ill. ; _c22 cm. |
||
| 505 | _aContents: Introduction -- The Motivation process -- How people feel about work -- The Negative side of the balance -- The Positive side of the balance -- Taking the temperature -- Incentive schemes -- The Contribution of communication -- Involvement and empowerment -- Action plan. | ||
| 650 | _aEmployee motivation. | ||
| 650 | _aGoal setting in personnel management. | ||
| 942 |
_2lcc _cBK |
||
| 999 |
_c979 _d8479 |
||